Проблемы социальной экологии: Сборник научных трудов

Bibliographic Details
Language:Russian
Published: Кемерово, Изд-во КузПИ, 1993
Subjects:
Format: Book
KOHA link:https://koha.lib.tpu.ru/cgi-bin/koha/opac-detail.pl?biblionumber=15360

MARC

LEADER 00000nam0a2200000 4500
001 15360
005 20231030190211.0
010 |a 523018891X 
035 |a (RuTPU)RU\TPU\book\15467 
035 |a BOOK00000155 
090 |a 15360 
100 |a 20011209d1992 k y0rusy50 ca 
101 0 |a rus 
102 |a RU 
105 |a y z 000zy 
200 1 |a Проблемы социальной экологии  |e Сборник научных трудов 
210 |a Кемерово  |c Изд-во КузПИ  |d 1993 
215 |a 99 с. 
610 1 |a социология 
610 1 |a экология 
610 1 |a социальная экология 
610 1 |a окружающая среда 
675 |a 504.03  |v 3 
686 |a С550  |v LBC/SL-A  |2 rubbk 
801 0 |a RU  |b 63413507  |c 20011209  |g PSBO 
801 2 |a RU  |b 63413507  |c 20170307  |g PSBO 
942 |c BK